[Event "POR-ch (Women)"]
[Site "Braga"]
[Date "2018.09.05"]
[Round "5"]
[White "Soares, Sara Joana de Moura"]
[Black "Silva, Ana Ines Teixeira D"]
[Result "0-1"]
[WhiteElo "1431"]
[BlackElo "1890"]
[PlyCount "80"]
[EventDate "2018.09.02"]
[EventType "swiss"]
[EventRounds "5"]
[EventCountry "POR"]
[SourceTitle "CBM 186 Extra"]
[Source "ChessBase"]
[SourceDate "2018.08.24"]
[SourceVersion "1"]
[SourceVersionDate "2018.08.24"]
[SourceQuality "1"]

1. e4 e5 2. Nf3 Nc6 3. Bc4 Bc5 4. c3 Nf6 5. d4 exd4 6. e5 d5 7. Bb5 Ne4 8. cxd4 Bb6 9. Nc3 0-0 10. Be3 Bg4 11. Be2 f6 12. exf6 Rxf6 13. 0-0 Qd6 14. a3 Raf8 15. Na4 Nd8 16. Rc1 Ne6 17. Nxb6 axb6 18. h3 Bh5 19. Qc2 c6 20. Rfe1 Bxf3 21. Bxf3 Rxf3 22. gxf3 N4g5 23. Bxg5 Nxg5 24. Kg2 Nxf3 25. Rh1 Nxd4 26. Qd3 Qf4 27. Qe3 Qf6 28. Rhe1 c5 29. Qe5 Qxf2+ 30. Kh1 Nf3 31. Qe2 Nxe1 32. Rxe1 Qxe2 33. Rxe2 Rf3 34. Kg2 Rb3 35. Rf2 d4 36. h4 g6 37. Kg1 Kg7 38. Rh2 c4 39. Kf1 c3 40. bxc3 Rb1+ 0-1

[Event "POR-ch (Women)"]
[Site "Braga"]
[Date "2018.09.03"]
[Round "2"]
[White "Silva, Ana Ines Teixeira D"]
[Black "Silva, Mariana Sofia Teixe"]
[Result "0-1"]
[WhiteElo "1890"]
[BlackElo "1924"]
[PlyCount "65"]
[EventDate "2018.09.02"]
[EventType "swiss"]
[EventRounds "5"]
[EventCountry "POR"]
[SourceTitle "CBM 186 Extra"]
[Source "ChessBase"]
[SourceDate "2018.08.24"]
[SourceVersion "1"]
[SourceVersionDate "2018.08.24"]
[SourceQuality "1"]

1. e4 c5 2. Nc3 Nc6 3. a3 e6 4. Nf3 a6 5. Bc4 b5 6. Ba2 Nf6 7. d3 Qc7 8. h3 Be7 9. Be3 Bb7 10. Qd2 d6 11. 0-0 0-0 12. Rad1 Rfd8 13. Rfe1 Rac8 14. Ne2 d5 15. exd5 Nxd5 16. Bf4 Nxf4 17. Nxf4 c4 18. Qe3 Bd6 19. Ne2 Ne7 20. d4 Nd5 21. Qd2 c3 22. bxc3 Nxc3 23. Nxc3 Qxc3 24. Ng5 Qxd2 25. Rxd2 Bf4 26. Nxf7 Bxd2 27. Nxd8 Rxd8 28. Rxe6 Bd5 29. Bxd5 Rxd5 30. Rxa6 Rxd4 31. Rb6 Rc4 32. Rd6 Bf4 33. a4 0-1

[Event "Gaia Profigaia op 18th"]
[Site "Vila Nova de Gaia"]
[Date "2018.06.30"]
[Round "6"]
[White "Martins, Diogo Faria Oliveir"]
[Black "Silva, Ana Ines Teixeira D"]
[Result "1/2-1/2"]
[WhiteElo "1948"]
[BlackElo "1852"]
[PlyCount "124"]
[EventDate "2018.06.27"]
[EventType "swiss"]
[EventRounds "7"]
[EventCountry "POR"]
[SourceTitle "CBM 185 Extra"]
[Source "ChessBase"]
[SourceDate "2018.07.29"]
[SourceVersion "1"]
[SourceVersionDate "2018.07.29"]
[SourceQuality "1"]

1. e4 e5 2. Bc4 Nf6 3. Nf3 Nc6 4. Ng5 d5 5. exd5 Na5 6. Bb5+ Bd7 7. Qe2 Bd6 8. d4 0-0 9. dxe5 Bxe5 10. 0-0 Re8 11. Qd3 Bxb5 12. Qxb5 Qxd5 13. Qxd5 Nxd5 14. Nd2 Nf4 15. Ngf3 Bf6 16. Rb1 Ne2+ 17. Kh1 Nxc1 18. Rfxc1 Re2 19. Kg1 Rd8 20. Rd1 g6 21. Kf1 Rde8 22. Re1 Rxe1+ 23. Nxe1 Nc6 24. c3 Re6 25. Nc2 Ne7 26. f3 Be5 27. g3 Nd5 28. Rd1 Nb6 29. Re1 Rd6 30. Ne4 Rd8 31. f4 Bg7 32. Ne3 Nd5 33. Nc4 Nf6 34. Nc5 b6 35. Nb3 Re8 36. Nd4 Rxe1+ 37. Kxe1 Nd5 38. Nc6 a5 39. Kd2 Kf8 40. Kd3 Ke8 41. Ke4 Ne7 42. Nxe7 Kxe7 43. Kd5 Kd7 44. Ne5+ Bxe5 45. Kxe5 Ke7 46. b4 c6 47. bxa5 bxa5 48. c4 f6+ 49. Kd4 Kd6 50. c5+ Ke6 51. g4 h6 52. h4 g5 53. f5+ Kd7 54. hxg5 hxg5 55. Kc4 Kc7 56. Kb3 Kb7 57. Ka4 Ka6 58. a3 Kb7 59. Kxa5 Ka7 60. Ka4 Kb7 61. Kb4 Ka6 62. Ka4 Kb7 1/2-1/2